[Event "ESP-ch U10"]
[Site "Salobrena"]
[Date "2023.07.07"]
[Round "7"]
[White "Martinez Fernandez, Alvaro"]
[Black "Malagon Moreno, Bruno"]
[Result "0-1"]
[WhiteElo "1262"]
[BlackElo "1024"]
[PlyCount "48"]
[EventDate "2023.07.03"]
[EventType "swiss"]
[EventRounds "9"]
[EventCountry "ESP"]
[SourceTitle "EXT 2024"]
[Source "ChessBase"]
[SourceDate "2023.10.10"]
[SourceVersion "1"]
[SourceVersionDate "2023.10.10"]
[SourceQuality "1"]

1. e4 e5 2. Nf3 Nc6 3. Bc4 Nf6 4. Nc3 Nxe4 5. Bxf7+ Kxf7 6. Nxe4 d5 7. Ng3 Bd6 8. d3 Rf8 9. h3 Kg8 10. 0-0 Qe7 11. Re1 h6 12. c4 d4 13. Qb3 Bc5 14. Bd2 b6 15. Qb5 Bb7 16. Ne4 a6 17. Qb3 Kh8 18. Nxc5 Qxc5 19. Nh4 Qd6 20. c5 Qf6 21. Nf3 b5 22. a4 Na7 23. Nxe5 Qxf2+ 24. Kh1 Qxg2# 0-1